You DO Know Latin Quiz Stats

 Plays Quiz Updated Dec 10, 2018

Support Sporcle.
Go Orange.
Score 0/40 Timer 08:00
0 Plays Today
% Correct
Et tu Brute
92.2%
Carpe diem
89.3%
Aqua vitae
88.7%
Veni vidi vici
87.9%
Divide et impera
86.3%
Ad infinitum
86.3%
In vino veritas
86.2%
Post mortem
85.2%
Terra firma
84.9%
Alter ego
84.9%
Requiescat in pace
83.8%
Anno domini
83.8%
Mea culpa
83.5%
Id est
83.3%
Vice versa
83.2%
Ad maiorem dei gloriam
82.9%
Et cetera
81.8%
Post scriptum
81.8%
Quod erat demonstrandum
81.7%
In loco parentis
81.1%
% Correct
Persona non grata
80.7%
Quid pro quo
77.6%
Tempus fugit
76.9%
Semper fidelis
76.9%
In toto
76.4%
E pluribus unum
76.1%
Pro bono
76%
In vitro
75.8%
Ipso facto
75.5%
Ante bellum
75.3%
Alma mater
75.1%
Habeas corpus
74.2%
Primus inter pares
74.1%
Cogito ergo sum
73.9%
Memento mori
72.9%
Tabula rasa
71.5%
Curriculum vitae
68%
Compos mentis
68%
Per capita
67.3%
Caveat emptor
65.5%

You're not logged in!

Compare scores with friends on all Sporcle quizzes.
OR
Log In
Forgot?

From the Vault

Finish the Long Band Name

by LTH

Music 5m
If the name gets long enough you could just sing the name and call it a new single.
Remove Ads.
Support Sporcle.
Get the best of Sporcle when you Go Orange. This ad-free experience offers more features, more stats, and more fun while also helping to support Sporcle. Thank you for becoming a member.

Show Comments

Extras

Top Quizzes Today


Score Distribution

Your Account Isn't Verified!

In order to create a playlist on Sporcle, you need to verify the email address you used during registration. Go to your Sporcle Settings to finish the process.

Report this User

Report this user for behavior that violates our Community Guidelines.

Details: